Cārvāka/Lokāyata : (Record no. 25448)

MARC details
000 -LEADER
fixed length control field 01099cam a2200289 a 4500
001 - CONTROL NUMBER
control field 2956581
003 - CONTROL NUMBER IDENTIFIER
control field BDDh-ASL
005 - DATE AND TIME OF LATEST TRANSACTION
control field 20231015030504.0
008 - FIXED-LENGTH DATA ELEMENTS--GENERAL INFORMATION
fixed length control field 910627s1990 ii b 001 0 eng
010 ## - LIBRARY OF CONGRESS CONTROL NUMBER
LC control number 90904997
020 ## - INTERNATIONAL STANDARD BOOK NUMBER
International Standard Book Number 8185292051 :
Terms of availability Rs200.00
025 ## - OVERSEAS ACQUISITION NUMBER
Overseas acquisition number I E 63287
040 ## - CATALOGING SOURCE
Original cataloging agency DLC
Transcribing agency DLC
Modifying agency DLC
-- BDDh-ASL
050 00 - LIBRARY OF CONGRESS CALL NUMBER
Classification number B132.L6
Item number C32 1990
082 00 - DEWEY DECIMAL CLASSIFICATION NUMBER
Classification number 181.4
Edition number 20
Item number CAR
245 00 - TITLE STATEMENT
Title Cārvāka/Lokāyata :
Remainder of title an anthology of source materials and some recent studies /
Statement of responsibility, etc. edited by Debiprasad Chattopadhyaya in collaboration with Mrinal Kanti Gangopadhyaya.
260 ## - PUBLICATION, DISTRIBUTION, ETC.
Place of publication, distribution, etc. New Delhi :
Name of publisher, distributor, etc. Indian Council of Philosophical Research in association with R̥ddhi-India, Calcutta,
Date of publication, distribution, etc. 1990.
300 ## - PHYSICAL DESCRIPTION
Extent xv, 543 p. :
Dimensions 22 cm.
500 ## - GENERAL NOTE
General note Includes index.
650 #0 - SUBJECT ADDED ENTRY--TOPICAL TERM
Topical term or geographic name entry element Lokāyata.
700 1# - ADDED ENTRY--PERSONAL NAME
Personal name Chattopadhyaya, Debiprasad.
700 1# - ADDED ENTRY--PERSONAL NAME
Personal name Gangopadhyaya, Mrinalkanti.
710 2# - ADDED ENTRY--CORPORATE NAME
Corporate name or jurisdiction name as entry element Indian Council of Philosophical Research.
906 ## - LOCAL DATA ELEMENT F, LDF (RLIN)
a 7
b cbc
c orignew
d 3
e ncip
f 19
g y-gencatlg
942 ## - ADDED ENTRY ELEMENTS (KOHA)
Source of classification or shelving scheme Dewey Decimal Classification
Koha item type Books
Holdings
Withdrawn status Lost status Source of classification or shelving scheme Damaged status Not for loan Collection code Home library Current library Shelving location Date acquired Source of acquisition Total Checkouts Full call number Barcode Date last seen Copy number Price effective from Koha item type
    Dewey Decimal Classification     Non-fiction Asiatic Society Library Asiatic Society Library Sirajul Islam Collection 07/16/2021 Donated by Professor Sirajul Islam, FRHS   181.4 CAR 110234 07/16/2021 C-1 07/16/2021 Books

Powered by Koha